| 000 | 00380 a2200133 4500 | ||
|---|---|---|---|
| 001 | 87994 | ||
| 082 | _aPR 293 | ||
| 090 |
_c41463 _d41463 |
||
| 100 | _aWasim Akram; Baber Saeed, Advisor | ||
| 245 |
_aFeasibility study to modify super mushshak aircraft to operate from water surface _nG-68 |
||
| 260 |
_aRisalpur _bNUST _c2010 |
||
| 300 | _a84 p. | ||
| 500 | _aBE project reports AE | ||
| 942 |
_aCAE NUST _kPR 293 |
||
| 999 |
_c323067 _d323067 |
||